League of Legends (LoL) - Sorts d'Invocateur - Statistiques

Statistiques générales
  • Ce quiz a été pris 2 312 fois
    2 246 depuis la dernière actualisation
  • Le résultat moyen est 9 sur 11
Statistiques - réponses
Délai de Récupération Sort d'Invocateur % Correct
300s Saut Éclair
99%
300s Téléportation
97%
180s Embrasement
95%
240s Soins
93%
240s Fatigue
86%
240s Fantôme
85%
180s Barrière
83%
240s Purge
81%
80s Marquage / Rush
78%
15s / 90s Châtiment
70%
240s Clarté
46%
Aucun quiz correspondant
Distribution des résultats
% des personnes avec chaque résultat
Percentile par nombre de réponses
Votre historique - résultats
Vous n’avez pas pris ce quiz depuis la dernière actualisation